000 00809nam a2200241 a 4500
001 54493
003 BD-RjUL
005 20211209080129.0
008 161107r19701966enka b 001 0 eng
035 _a(BD-RjUL)54615
040 _aDLC
_cFIN
_dSER
_dBD-RjUL
_beng
041 _aeng
082 _223
_a541.394
_bSYK 1970
100 1 _aSykes, A. Geoffrey
_q(Alfred Geoffrey),
_9162570
245 1 0 _aKinetics of inorganic reactions /
_cby A.G. Sykes.
260 _aLondon :
_bPergamon,
_c1966 [reprinted 1970].
300 _aviii, 310 p. :
_bill. ;
_c20 cm.
490 1 _aThe commonwealth and international library. Chemistry division
500 _aIncludes index.
650 0 _aChemical kinetics.
_9162571
830 0 _aThe commonwealth and international library. Chemistry division
_9228724
942 _2ddc
_cBK
999 _c54493
_d54493